000 00402nam a22001457a 4500
020 _a0023428201
040 _cNust
082 _a604.2
_bPRI
100 _aFredrick E. Giesecke
_9127441
245 _aPrinciples of engineering graphics
250 _a2nd edition
260 _aNew Jersey:
_bPrentice Hall of India,
_c1994.
650 _aPrinciples of engineering graphics
_9127442
942 _2ddc
_cBK
999 _c612567
_d612567